Η αξιολόγηση στην εκπαίδευση : η αξιολόγηση του εκπαιδευτικού έργου, του εκπαιδευτικού και του μαθητή ως θεωρία και πράξη

Αποθηκεύτηκε σε:
Λεπτομέρειες βιβλιογραφικής εγγραφής
Κύριοι συγγραφείς: Κωνσταντίνου, Χαράλαμπος Ι., 1950-, Κωνσταντίνου, Ιωάννης Χ. (Συγγραφέας)
Μορφή: Βιβλίο
Γλώσσα:Greek
Δημοσίευση: Αθήνα : Gutenberg, 2017.
Θέματα:
Ετικέτες: Προσθήκη ετικέτας
Δεν υπάρχουν, Καταχωρήστε ετικέτα πρώτοι!

MARC

LEADER 00000nam a2200000 a 4500
001 1/116485
008 180511s2017####gr | ||| |||| ||gre||
020 |a 9789600118698 
040 |a GR-MyUa  |b gre  |c GR-MyUa  |e AACR2 
041 0 |a gre 
082 7 |a 371.14   |2 (23) 
100 1 |a Κωνσταντίνου, Χαράλαμπος Ι.,   |d 1950- 
245 1 2 |a Η αξιολόγηση στην εκπαίδευση :   |b η αξιολόγηση του εκπαιδευτικού έργου, του εκπαιδευτικού και του μαθητή ως θεωρία και πράξη /   |c Χαράλαμπος Ι. Κωνσταντίνου, Ιωάννης Χ. Κωνσταντίνου.  
260 |a Αθήνα :   |b Gutenberg,   |c 2017.  
300 |a 314 σ. ;   |c 24 εκ.  
504 |a Βιβλιογραφία: σ. [301]-314.  
650 0 |a Education  |x Evaluation. 
650 0 |a Teaching  |x Evaluation. 
650 0 |a Teachers  |x Rating of. 
650 0 |a Students  |x Rating of  |z Greece. 
650 0 |a Educational evaluation  |z Greece. 
700 1 |a Κωνσταντίνου, Ιωάννης Χ.  |e aut 
852 |a INST  |b RHODES  |c EUDOXUS  |e 20180511  |h 371.14 ΚΩΝ  |p 005400040009  |q 005400040009  |t EDX  |y 0 
920 |a Εύδοξος  |b Παραγγελία  |y Ρόδος-ΤΜΣ  |z 2018-04 
970 |z 11-05-2018